000 00350nam a2200133Ia 4500
005 20260328104340.0
008 260328s9999||||xx |||||||||||||| ||und||
100 _aSteiner, Frederick
245 0 _aDesign With Nature Now /
_cFrederick Steiner
260 _bLincoln Institute of Land Policy
300 _a351 p.
650 _aPAISAJISMO
942 _cBK
999 _c12075
_d12075